Star Formation, Galaxies and the Interstellar Medium : (Record no. 583133)

MARC details
000 -LEADER
fixed length control field 00528nam a2200193 a 4500
008 - FIXED-LENGTH DATA ELEMENTS--GENERAL INFORMATION
fixed length control field 250820s1993##################000#0#eng##
020 ## - INTERNATIONAL STANDARD BOOK NUMBER
ISBN 9780521444125
082 04 - DEWEY DECIMAL CLASSIFICATION NUMBER
Classification number 523.8
Item number FRA
100 1# - MAIN ENTRY--AUTHOR NAME
Personal name Franco, Jose,
245 10 - TITLE STATEMENT
Title Star Formation, Galaxies and the Interstellar Medium :
260 ## - PUBLICATION, DISTRIBUTION, ETC. (IMPRINT)
Name of publisher Cambridge University Press,
Year of publication 1993.
300 ## - PHYSICAL DESCRIPTION
Number of Pages 418 pages
650 #0 - SUBJECT ADDED ENTRY--TOPICAL TERM
Topical Term Science.
942 ## - ADDED ENTRY ELEMENTS (KOHA)
Koha item type English Books
Holdings
Withdrawn status Lost status Damaged status Not for loan Home library Current library Shelving location Date acquired Full call number Accession Number Price effective from Koha item type
        Anna Centenary Library Anna Centenary Library 5TH FLOOR, A WING 20.08.2025 523.8 FRA 101215 20.08.2025 English Books

Find us on the map